000 00727nam a2200253 i 4500
001 C2-0273309
003 PPAK
005 20180728002704.0
008 060809s2006 my a|||| ||||| | eng d
020 _a9833363121
040 _aPPAK
_beng
_cPPAK
_erda
082 0 4 _a032.02
_223
090 0 0 _a032.02
_bLIV
_dRK
245 0 0 _aLiving world
264 1 _aKuala Lumpur :
_bCreative Educational Supplies ,
_c2006
300 _a32 pages :
_bcolour illustrations ;
_c27 cm
336 _2rdacontent
_atext
337 _2rdamedia
_aunmediated
338 _2rdacarrier
_avolume
490 1 _aChildren's encyclopedia
650 1 0 _aChildren's encyclopedias and dictionaries.
830 0 _aChildren's encyclopedia
942 _ddc
_cB
999 _c81225
_d81225